|
|
|
|
| LEADER |
00000nab a2200000 a 4500 |
| 001 |
vtls010623192 |
| 003 |
SK-MaSNL |
| 005 |
20260429131431.0 |
| 008 |
171110c1970 xo r 100 00slo |
| 015 |
|
|
|a SNBRA2014/09SVKPO
|
| 038 |
|
|
|a SVKPO
|
| 040 |
|
|
|a SVKPOCL
|b slo
|c SVKPOCL
|e AACR2
|
| 041 |
0 |
|
|a slo
|
| 044 |
|
|
|a xo
|c SK
|
| 080 |
|
|
|a 023.4/.5
|2 2001
|
| 080 |
|
|
|a 37-051
|2 2001
|
| 080 |
|
|
|a 75-051
|2 2001
|
| 080 |
|
|
|a 929 Dubay, Michal
|2 2001
|
| 100 |
1 |
|
|a Ričalka, Michal,
|d 1928-2009
|4 aut
|9 218779
|
| 245 |
1 |
0 |
|a K šesťdesiatinám Michala Dubaya
|c Michal Ričalka
|
| 300 |
|
|
|a Fotogr.
|
| 600 |
1 |
7 |
|a Dubay, Michal,
|d 1910-1993
|2 svkpocl
|9 116808
|
| 650 |
0 |
7 |
|a osobnosti
|2 snkbucl
|9 29820
|
| 650 |
0 |
7 |
|a osobnosti
|2 svkpocl
|9 29820
|
| 651 |
|
7 |
|a Prešov (Slovensko)
|2 svkpocl
|9 17347
|
| 773 |
0 |
|
|t Nové obzory 12 : spoločenskovedný zborník východného Slovenska
|d Košice : Východoslovenské vydavateľstvo pre Múzeum Slovenskej republiky rád v Prešove, 1970
|g S. 207-210
|
| 852 |
|
|
|a SVKPO
|b KIS3GCP
|
| 958 |
|
|
|a SK
|
| 958 |
|
|
|a NB
|
| 958 |
|
|
|a BX
|
| 999 |
|
|
|c 2051997
|d 2053927
|